|
|
|
|
| LEADER |
00000nam0a2200000 4500 |
| 001 |
16642 |
| 005 |
20260122162636.0 |
| 010 |
|
|
|a 506002839
|
| 035 |
|
|
|a (RuTPU)RU\TPU\book\16769
|
| 035 |
|
|
|a BOOK00016838
|
| 090 |
|
|
|a 16642
|
| 100 |
|
|
|a 20011209d1994 km y0rusy50 ca
|
| 101 |
0 |
|
|a rus
|
| 102 |
|
|
|a RU
|
| 105 |
|
|
|a a z 000zd
|
| 200 |
1 |
|
|a Александр I и Наполеон
|f Н. А. Троицкий
|
| 210 |
|
|
|a Москва
|c Высшая школа
|d 1994
|
| 215 |
|
|
|a 304 с.
|c ил.
|
| 225 |
1 |
|
|a История в лицах
|
| 600 |
|
0 |
|a Александр
|d I
|f 1777-1825
|c российский император с 1801 г.
|c из династии Романовых
|2 stltpui
|3 (RuTPU)RU\TPU\pers\8
|
| 600 |
|
0 |
|a Наполеон Бонапарт
|d I
|c французский император
|f 1769-1821
|2 stltpui
|3 (RuTPU)RU\TPU\pers\1394
|
| 606 |
|
|
|a Россия и Франция
|x Международные отношения
|z 1-я пол. 19 в.
|9 84759
|
| 610 |
1 |
|
|a история
|
| 686 |
|
|
|a Т3(2)521
|2 rubbk
|
| 700 |
|
1 |
|a Троицкий
|b Н. А.
|g Николай Алексеевич
|
| 801 |
|
0 |
|a RU
|b 63413507
|c 20011209
|g PSBO
|
| 801 |
|
2 |
|a RU
|b 63413507
|c 20121225
|g PSBO
|
| 942 |
|
|
|c BK
|